书目信息 |
| 题名: |
儿童人物画技巧
|
|
| 作者: | 刘金成 编绘 | |
| 分册: | ||
| 出版信息: | 北京 金盾出版社 2005 |
|
| 页数: | 70页 | |
| 开本: | 17cm | |
| 丛书名: | ||
| 单 册: | ||
| 中图分类: | J211.25 | |
| 科图分类: | ||
| 主题词: | 人物画 , 技法(美术) , 儿童画--人物画--技法(美术) | |
| 电子资源: | ||
| ISBN: | 7-5082-0333-X | |
| 000 | 00749nam0 2200265 45 | |
| 001 | 0900000037610 | |
| 005 | 20051229145650.03 | |
| 010 | @a7-5082-0333-X@dCNY6.50 | |
| 092 | @aCN | |
| 100 | @a20050714d2005 ekmy0chiy0120 ea | |
| 101 | 0 | @achi |
| 102 | @aCN@b110000 | |
| 105 | @aa z 000yy | |
| 200 | 1 | @a儿童人物画技巧@9er tong ren wu hua ji qiao@f刘金成编绘@Fliu jin cheng bian hui |
| 210 | @a北京@c金盾出版社@d2005 | |
| 215 | @a70页@c图@d17cm | |
| 330 | @a本书讲述了练习画人物画的方法步骤。 | |
| 606 | 0 | @a人物画 |
| 606 | 0 | @a技法(美术) |
| 606 | 0 | @a儿童画@x人物画@x技法(美术) |
| 690 | @aJ211.25@v4 | |
| 701 | 0 | @a刘金成@Aliu jin cheng@4编绘 |
| 801 | 0 | @aCN@bCXYBOOK@c20051229 |
| 905 | @a10447@dJ211.25@e338 | |
| 999 | @aYYW@eJDD | |
| 儿童人物画技巧/刘金成编绘.-北京:金盾出版社,2005 |
| 70页:图;17cm |
| ISBN 7-5082-0333-X:CNY6.50 |
| 本书讲述了练习画人物画的方法步骤。 |
| ● |
| 相关链接 |
|
|
|
|
正题名:儿童人物画技巧
索取号:J211.25/338
 
预约/预借
| 序号 | 登录号 | 条形码 | 馆藏地/架位号 | 状态 | 备注 |
| 1 | 0373100 | 203731006 | 第一样本阅览室/ [索取号:J211.25/338] | 在馆 | |
| 2 | 0373101 | 203731015 | 第一借阅区/ [索取号:J211.25/338] | 在馆 | |
| 3 | 0373102 | 203731024 | 第一借阅区/ [索取号:J211.25/338] | 在馆 | |
| 4 | 0373103 | 203731033 | 第一借阅区/ [索取号:J211.25/338] | 在馆 | |
| 5 | 0373104 | 203731042 | 第一借阅区/ [索取号:J211.25/338] | 在馆 |